00231nam a2200085Ia 4500008004100000041000800041100001500049245005000064260003100114241105s9999 xx 000 0 und d aeng aAtre Jui H aSchool As An Ecosystem For Inclusive Learning bBNCA B-Arch ID, Punec2016